000 00367nam a2200133Ia 4500
008 230917s9999||||xx |||||||||||||| ||und||
040 _e108690
_aMAIN
041 _aEnglish
082 _a616.89 S64E
100 _aSingh, Dharmendra
245 0 _aExploratory study of predictors of revolving door phenomenon in schizophrenic patients
300 _a68 p.
942 _cTH
999 _c89333
_d89333